Entry Konu Terimi
001 - KONTROL NUMARASI
- Kontrol alanı: 86490
003 - KONTROL NUMARASI KİMLİĞİ
- Kontrol alanı: TR-BiSEU
005 - SON İŞLEM TARİHİ VE ZAMANI
- Kontrol alanı: 20260207003535.0
008 - SABİT UZUNLUKTAKİ VERİ ÖGELERİ - GENEL BİLGİ
- Sabit uzunlukta kontrol alanı: 260207|| aca||aabn | a|a d
040 ## - KATALOGLAMA KAYNAĞI
- Özgün kataloglama kurumu: TR-BiSEU
- Çeviri kurumu: TR-BiSEU
150 ## - KONU BAŞLIKLARI - KONU TERİMİ
- Konu terimi: Eski Anadolu Türkçesi
670 ## - BİLGİNİN KAYNAĞI
- Bilginin alındığı kaynak: KOHA: (TR-BiSEU)46895: Elginkan Vakfı Türk Dili ve Edebiyatı Kurultayı Bildirileri, (1 : İstanbul : 2013) 86489, Geçmişten geleceğe Türkçe, Elginkan Vakfı 1. Türk dili ve edebiyatı kurultayı bildirileri :
